000 00335nam a2200145Ia 4500
008 221030s9999 xx 000 0 und d
041 _aEnglish
082 _a105.23
100 _aS.timoshenko
245 0 _aEngineering Mechanics
_cby S.timoshenko, D. M. Young
260 _c0
650 _aB
700 _aD. M. Young
942 _cBK
999 _c11590
_d11590